| 000 | 00970nam a22003017a 4500 | ||
|---|---|---|---|
| 999 |
_c200451647 _d69859 |
||
| 001 | 200451647 | ||
| 003 | TR-AnTOB | ||
| 005 | 20230126140417.0 | ||
| 007 | ta | ||
| 008 | 230126s2020 tu a|||j |||| 00| j tur d | ||
| 020 | _a9789752125452 | ||
| 040 |
_aTR-AnTOB _beng _erda _cTR-AnTOB |
||
| 041 | 0 | _atur | |
| 092 |
_a370.114 _bAYIa 2020 |
||
| 100 | 1 |
_aAyık, Şeyma _eauthor _9140372 |
|
| 245 | 1 | 0 |
_aAliş'in gözlüğü : _bkendini sevmek / _cŞeyma Ayık ; Resimleyen: Merve Topal. |
| 250 | _a2. baskı | ||
| 264 |
_aİstanbul : _bAltın Kitaplar Yayınevi, _c2020. |
||
| 300 |
_a31 pages : _billustrations ; _c23 cm. |
||
| 336 |
_2rdacontent _atext _btxt |
||
| 337 |
_2rdamedia _aunmediated _bn |
||
| 338 |
_2rdacarrier _avolume _bnc |
||
| 653 |
_aÇocuk edebiyatı _aÇocuk hikayeleri _aFarklılıklar _aEngeller _aÖnyargılar |
||
| 700 | 1 |
_aTopal, Merve _eillustrator _d1989- _9140373 |
|
| 942 |
_2ddc _cBK |
||